000 00504nam a2200169Ia 4500
008 240729s9999 xx 000 0 und d
022 _a1529-8094
245 0 _aInternational Journal of Education and the Arts
260 _aUnited States
260 _bPennsylvania State University
650 _a Arts in general | Education
650 _a Special aspects of education
650 _aFine Arts
856 _uhttps://doaj.org/toc/3cd77c78e41c4964b28c08e0c4012e26
942 _2ddc
942 _cDOAJEJ
999 _c70493
_d70493
945 _a1
_bMadushi Gamage
_c1
_dMadushi Gamage